Top 15 Countries with Covid-19 Deaths - 29 December - Statistics

General Stats
  • This quiz has been taken 14 times
  • The average score is 15 of 22
Answer Stats
country % Correct
Argentina
100%
Brazil
100%
France
100%
Germany
100%
Mexico
100%
Russia
100%
Spain
100%
United Kingdom
100%
United States
100%
India
86%
Italy
79%
Colombia
64%
Iran
64%
Peru
64%
South Africa
64%
Belgium
50%
Czechia
29%
Hungary
29%
Bosnia and Herzegovina
21%
Bulgaria
21%
Slovenia
21%
North Macedonia
14%
No matching quizzes found
Score Distribution
Percent of People with Each Score
Percentile by Number Answered
Your Score History
You have not taken this quiz